Error analysis in the written English of Indonesian students with special reference to students of Syiah Kuala University Banda Aceh Indonesia /
Saved in:
| Main Author: | |
|---|---|
| Format: | Thesis |
| Language: | English |
| Published: |
Gombak, Selangor :
Kulliyyah of Islamic Revealed Knowledge and Human Sciences, International Islamic University Malaysia,
2005
|
| Subjects: | |
| Tags: |
Add Tag
No Tags, Be the first to tag this record!
|
| LEADER | 023670000a22004210004500 | ||
|---|---|---|---|
| 001 | 340002 | ||
| 005 | 20230420132414.0 | ||
| 008 | 060404t2005 my g 000 0 eng d | ||
| 035 | |a (Sirsi) 340002 | ||
| 040 | |a UIAM |b eng | ||
| 041 | 0 | |a eng | |
| 043 | |a a-io-- | ||
| 050 | 0 | 0 | |a PE1460 |
| 100 | 0 | |a Kannegi |9 121895 | |
| 245 | 1 | 0 | |a Error analysis in the written English of Indonesian students with special reference to students of Syiah Kuala University Banda Aceh Indonesia / |c by Kannegi |
| 260 | |a Gombak, Selangor : |b Kulliyyah of Islamic Revealed Knowledge and Human Sciences, International Islamic University Malaysia, |c 2005 | ||
| 300 | |a vii, 81 leaves ; |c 30 cm. | ||
| 336 | |2 rdacontent | ||
| 337 | |2 rdamedia | ||
| 338 | |2 rdacarrier | ||
| 500 | |a Abstracts in English and Arabic. | ||
| 500 | |a "A thesis submitted in partial fulfilment of the requirement for the Degree of Master of Human Sciences (Teaching of English as Second Language"--On t.p. | ||
| 502 | |a Thesis (M. Hsc, TESL) -- International Islamic University Malaysia, 2005 | ||
| 504 | |a Includes bibliogrphical references (leaves 79-81). | ||
| 530 | |a Also available on 3 1/2 in. computer disk-converted into 4 3/4 computer optical disc. | ||
| 610 | 2 | 0 | |a Universitas Syiah Kuala (Banda Aceh, Indonesia) |9 121896 |
| 650 | 0 | |a English language |x Errors of usage |9 57158 | |
| 650 | 0 | |a English language |x Study and teaching (Higher) Foreign speakers |9 71481 | |
| 650 | 0 | |a Language and languages |x Study and teaching Error analysis |9 87247 | |
| 655 | 0 | 7 | |a Theses, IIUM local |
| 690 | 0 | |a Dissertations, Academic |x Kulliyyah of Islamic Revealed Knowledge and Human Sciences |z IIUM | |
| 730 | 0 | |a Error analysis in the written English of Indonesian students with special reference to students of Syiah Kuala University Banda Aceh Indonesia. (Computer file) |9 121897 | |
| 900 | |a hj-ajt-naw | ||
| 942 | |2 lcc |n 0 | ||
| 999 | |c 432073 |d 464782 | ||
| 952 | |0 0 |6 T PE 001460 K16E 2005 |7 0 |8 THESES |9 754623 |a IIUM |b IIUM |c MULTIMEDIA |g 0.00 |o t PE1460K16E 2005 |p 00001025967 |r 2017-10-19 |t 1 |v 0.00 |y THESIS | ||
| 952 | |0 0 |6 LU T PE1460K16E 2005 |7 0 |8 THESES |9 756445 |a IIUM |b IIUM |c CLOSEACCES |g 0.00 |o lu t PE1460K16E 2005 |p 00011274873 |r 2017-10-25 |t 1 |v 0.00 |y THESIS | ||
| 952 | |0 0 |6 TS CDF PE1460K16E 2005 |7 0 |8 THESES |9 822210 |a IIUM |b IIUM |c MULTIMEDIA |g 0.00 |o ts cdf PE1460K16E 2005 |p 00001016928 |r 2017-10-26 |t 1 |v 0.00 |y THESISDIG | ||
